| 000 | 00563nam a2200181 4500 | ||
|---|---|---|---|
| 999 |
_c255 _d255 |
||
| 020 | _a9780675064255 | ||
| 050 | _aQD33 | ||
| 100 | _aSmoot, R C et. al. | ||
| 245 |
_aChemistry : _ba modern course _cRobert C. Smoot, Jack S. Price, Richard G. Smith. |
||
| 260 |
_aColumbus, Ohio : _bCharles E. Merrill, _c©1983. |
||
| 300 |
_avi, 666 pages : _billustrations (some color) ; _c24 cm. |
||
| 500 | _aINCLUDES INDEX | ||
| 650 | _aChemistry. | ||
| 700 | _aPrice, Jack | ||
| 710 | _aSmith, Richard G | ||
| 711 |
_aHimes, Gary K _aCarmichael, L Neal |
||
| 942 | _cBK | ||